000
00325nam a2200133Ia 4500
005
20251222153614.0
008
251222s9999||||xx |||||||||||||| ||spa||
020
_a
8880250442
082
_a
262.142/C46
245
0
_a
La Formazione del Presbitero Diocesano
250
_a
1ra.ed.
264
_b
Centro Ambrosiano
942
_c
LIB
999
_c
31737
_d
31737